UM Logo

Fundamentals of advanced accounting / (Record no. 4015)

MARC details
000 -LEADER
fixed length control field 00673nam a22002177a 4500
003 - CONTROL NUMBER IDENTIFIER
control field OSt
005 - DATE AND TIME OF LATEST TRANSACTION
control field 20160822182503.0
008 - FIXED-LENGTH DATA ELEMENTS--GENERAL INFORMATION
fixed length control field 160822b xxu||||| |||| 00| 0 eng d
020 ## - INTERNATIONAL STANDARD BOOK NUMBER
International Standard Book Number 978-0-07-299192-5 (alk. paper)
040 ## - CATALOGING SOURCE
Transcribing agency LIC
082 ## - DEWEY DECIMAL CLASSIFICATION NUMBER
Edition number 2007
Classification number DC 657.046
Item number H83f
100 ## - MAIN ENTRY--PERSONAL NAME
9 (RLIN) 13405
Personal name Hoyle, Joe B.
245 ## - TITLE STATEMENT
Title Fundamentals of advanced accounting /
Statement of responsibility, etc. Joe B. Hoyle, Thomas F. Schaefer, Timothy S. Doupnik
260 ## - PUBLICATION, DISTRIBUTION, ETC. (IMPRINT)
Place of publication, distribution, etc. Boston :
Name of publisher, distributor, etc. McGraw-Hill Irwin,
Date of publication, distribution, etc. c2007.
300 ## - PHYSICAL DESCRIPTION
Extent xvii, 618 pages;
Dimensions 28 cm.
500 ## - GENERAL NOTE
General note Includes index.
650 #0 - SUBJECT ADDED ENTRY--TOPICAL TERM
9 (RLIN) 13409
Topical term or geographic name as entry element Accounting
700 ## - ADDED ENTRY--PERSONAL NAME
9 (RLIN) 13413
Personal name Schaefer, Thomas F
700 ## - ADDED ENTRY--PERSONAL NAME
9 (RLIN) 13414
Personal name Doupnik, Timothy S
942 ## - ADDED ENTRY ELEMENTS (KOHA)
Source of classification or shelving scheme Dewey Decimal Classification
Koha item type Circulation
Holdings
Withdrawn status Lost status Source of classification or shelving scheme Damaged status Not for loan Collection code Home library Current library Date acquired Source of acquisition Total Checkouts Full call number Barcode Date last seen Price effective from Koha item type
    Dewey Decimal Classification     Circulation UM Digos College - LIC UM Digos College - LIC 03/25/2009 Purchased   DC 657.046 H83f 2007 20180 05/15/2025 08/22/2016 Circulation